000 00476nam a2200169 i 4500
001 76698
003 ES-MaACL
005 20231204173112.0
007 t|
008 041004s1954 sp ||||1| spa d
100 1 _aGuillén, Jorge,
_d1893-1984
_960765
245 1 0 _aHuerto de Melibea /
_cJorge Guillén.
260 _aMadrid :
_bÍnsula,
_c1954 (
_fSilverio Aguirre Torre)
300 _a27 p. ;
_c28 cm.
852 _aES-MaACL
_j1964-F-12
999 _c76698
_d76698